000
00313nam a22001337a 4500
008
170622b xxu||||| |||| 00| 0 eng d
020
_a
9780199273485
041
_a
eng
080
_a
327
100
_a
20
101
_a
SHP
245
_a
INTERNATIONAL RELATIONS AND THE EUROPEAN UNION
_c
HILL,CH
942
_2
udc
_c
BK
999
_c
18643
_d
18643